[Event "St Petersburg-Moscow"]
[Site "St Petersburg"]
[Date "2003.05.05"]
[Round "2"]
[White "Osnos, Viatcheslav"]
[Black "Kremenietsky, Anatoly M"]
[Result "1/2-1/2"]
[WhiteElo "2384"]
[BlackElo "2381"]
[PlyCount "30"]
[EventDate "2003.05.03"]
[EventType "team"]
[EventRounds "2"]
[EventCountry "RUS"]
[SourceTitle "CBM 095"]
[Source "ChessBase"]
[SourceDate "2003.07.25"]
[SourceVersion "1"]
[SourceVersionDate "2003.07.25"]
[SourceQuality "1"]

1. d4 Nf6 2. Nf3 d5 3. c4 c6 4. Nc3 dxc4 5. a4 Bf5 6. e3 e6 7. Bxc4 Nbd7 8. 0-0 Bb4 9. Qe2 Ne4 10. Nxe4 Bxe4 11. Bd3 Bxd3 12. Qxd3 Qe7 13. Bd2 Bxd2 14. Qxd2 0-0 15. Qc3 c5 1/2-1/2

[Event "Botvinnik Memorial-B"]
[Site "Elista"]
[Date "2002.08.23"]
[Round "6"]
[White "Shabanov, Yuri"]
[Black "Osnos, Viatcheslav"]
[Result "1/2-1/2"]
[WhiteElo "2445"]
[BlackElo "2384"]
[PlyCount "27"]
[EventDate "2002.08.17"]
[EventType "tourn"]
[EventRounds "9"]
[EventCountry "RUS"]
[EventCategory "5"]
[SourceTitle "CBM 089 Extra"]
[Source "ChessBase"]
[SourceDate "2002.09.10"]
[SourceVersion "2"]
[SourceVersionDate "2002.09.10"]
[SourceQuality "1"]

1. e4 c5 2. Nf3 e6 3. d3 d5 4. Qe2 Ne7 5. g3 Nbc6 6. Bg2 g6 7. h4 h6 8. 0-0 Bg7 9. c3 0-0 10. e5 Rb8 11. Bf4 b5 12. Nbd2 c4 13. a3 a5 14. Rfe1 1/2-1/2

[Event "Moscow m"]
[Site "Moscow"]
[Date "1999.??.??"]
[Round "?"]
[White "Averbakh, Yuri L"]
[Black "Osnos, Viatcheslav"]
[Result "1/2-1/2"]
[WhiteElo "2445"]
[BlackElo "2430"]
[PlyCount "56"]
[EventDate "1999.??.??"]
[EventType "team"]
[EventRounds "2"]
[EventCountry "RUS"]
[SourceTitle "EXT 2001"]
[Source "ChessBase"]
[SourceDate "2000.11.22"]
[SourceVersion "1"]
[SourceVersionDate "2000.11.22"]
[SourceQuality "1"]

1. c4 Nf6 2. Nc3 e5 3. Nf3 d6 4. g3 g6 5. Bg2 Bg7 6. d4 Nbd7 7. 0-0 0-0 8. e4 c6 9. Rb1 a6 10. dxe5 Nxe5 11. Nxe5 dxe5 12. Qxd8 Rxd8 13. Na4 b5 14. Nb6 Rb8 15. Nxc8 Rbxc8 16. Be3 c5 17. Rfc1 b4 18. Rd1 Bf8 19. Bg5 Kg7 20. Bxf6+ Kxf6 21. Rd5 Rxd5 22. exd5 Bd6 23. Be4 Kg7 24. f3 f5 25. Bc2 Kf6 26. Re1 h5 27. Kg2 Rc7 28. h3 a5 1/2-1/2

[Event "Moscow m"]
[Site "Moscow"]
[Date "1999.??.??"]
[Round "?"]
[White "Osnos, Viatcheslav"]
[Black "Averbakh, Yuri L"]
[Result "1/2-1/2"]
[WhiteElo "2430"]
[BlackElo "2445"]
[PlyCount "37"]
[EventDate "1999.??.??"]
[EventType "team"]
[EventRounds "2"]
[EventCountry "RUS"]
[SourceTitle "EXT 2001"]
[Source "ChessBase"]
[SourceDate "2000.11.22"]
[SourceVersion "1"]
[SourceVersionDate "2000.11.22"]
[SourceQuality "1"]

1. d4 Nf6 2. Nf3 e6 3. c4 d5 4. Bg5 Be7 5. Nc3 0-0 6. e3 h6 7. Bxf6 Bxf6 8. Rc1 b6 9. Bd3 Bb7 10. cxd5 exd5 11. 0-0 Nd7 12. Qb3 Nb8 13. Rfe1 a6 14. Rcd1 Be7 15. e4 dxe4 16. Bxe4 Bxe4 17. Nxe4 Nd7 18. Ne5 Nf6 19. Nc6 1/2-1/2

[Event "RUS-Cup01 Chigorin Memorial"]
[Site "St Petersburg"]
[Date "1997.11.09"]
[Round "9"]
[White "Osnos, Viatcheslav"]
[Black "Petrov, Anton"]
[Result "1/2-1/2"]
[WhiteElo "2440"]
[BlackElo "2350"]
[PlyCount "118"]
[EventDate "1997.11.01"]
[EventType "swiss"]
[EventRounds "9"]
[EventCountry "RUS"]
[SourceTitle "CBM 061 Extra"]
[Source "ChessBase"]
[SourceDate "1998.03.09"]
[SourceVersion "1"]
[SourceVersionDate "1998.03.09"]
[SourceQuality "1"]

1. d4 f5 2. c4 Nf6 3. g3 g6 4. Bg2 Bg7 5. Nc3 0-0 6. Nf3 d6 7. 0-0 Qe8 8. d5 Na6 9. Be3 h6 10. Qc1 Kh7 11. h3 Bd7 12. Rd1 c5 13. dxc6 bxc6 14. Rb1 c5 15. Ne1 Rb8 16. a3 Bc6 17. Qc2 Bxg2 18. Nxg2 Qc6 19. Nf4 Nc7 20. Ncd5 Nfxd5 21. cxd5 Qa6 22. b4 Nb5 23. bxc5 Nc3 24. Rxb8 Rxb8 25. Re1 dxc5 26. Bxc5 Rc8 27. Qd3 Qxd3 28. Nxd3 Rc7 29. d6 exd6 30. Bxd6 Rd7 31. Be5 Bxe5 32. Nxe5 Rd2 33. Kf1 Ra2 34. Nc4 Rc2 35. h4 h5 36. Ra1 Nxe2 37. Ne3 Rb2 38. Re1 Nc3 39. Nc4 Rb7 40. Nd6 Rb1 41. Rxb1 Nxb1 42. Nc4 Nc3 43. Kg2 Kg7 44. Kf3 Kf6 45. Ke3 Nd1+ 46. Ke2 Nc3+ 47. Kd2 Ne4+ 48. Ke3 Ke6 49. Nb2 Nd6 50. Kf4 Kf6 51. a4 Ne4 52. Ke3 g5 53. hxg5+ Kxg5 54. a5 Nc5 55. Nc4 f4+ 56. gxf4+ Kg4 57. Ne5+ Kf5 58. Kf3 a6 59. Nc6 Nb3 1/2-1/2

[Event "RUS-Cup01 Chigorin Memorial"]
[Site "St Petersburg"]
[Date "1997.11.08"]
[Round "8"]
[White "Kashtanov, Ruslan"]
[Black "Osnos, Viatcheslav"]
[Result "1/2-1/2"]
[WhiteElo "2250"]
[BlackElo "2440"]
[PlyCount "150"]
[EventDate "1997.11.01"]
[EventType "swiss"]
[EventRounds "9"]
[EventCountry "RUS"]
[SourceTitle "CBM 061 Extra"]
[Source "ChessBase"]
[SourceDate "1998.03.09"]
[SourceVersion "1"]
[SourceVersionDate "1998.03.09"]
[SourceQuality "1"]

1. e4 c5 2. Nc3 e6 3. Nge2 Nc6 4. d4 cxd4 5. Nxd4 a6 6. g3 d6 7. Bg2 Bd7 8. 0-0 Be7 9. Nxc6 Bxc6 10. Qg4 h5 11. Qe2 h4 12. Rd1 hxg3 13. hxg3 Qa5 14. Bf4 Rd8 15. Rd3 b5 16. a4 b4 17. Nb1 Nf6 18. c4 Qh5 19. Qxh5 Rxh5 20. Nd2 g5 21. Be3 Nd7 22. Bd4 g4 23. b3 Ne5 24. Re3 Bf6 25. Rd1 Nd7 26. Bxf6 Nxf6 27. Rd3 Ba8 28. Rd4 Ke7 29. c5 dxc5 30. Rxd8 Kxd8 31. f4 gxf3 32. Bxf3 Rh8 33. Kf2 Ke7 34. Rc1 Nd7 35. Ke3 Rh3 36. Kf2 Ne5 37. Be2 Rh2+ 38. Ke3 Rg2 39. Bxa6 Rxg3+ 40. Ke2 Rc3 41. Rh1 Nc6 42. Rh8 Nd4+ 43. Kd1 Bc6 44. Bc4 Rg3 45. Ke1 Rg1+ 46. Bf1 Rg3 47. Bc4 Rg2 48. Rh3 Rg8 49. Kf2 Bb7 50. Rh5 Rc8 51. Ke3 Rc7 52. Rh8 Rc8 53. Rh5 Kf6 54. Kf4 Kg6 55. Rg5+ Kh6 56. Rg3 f6 57. Rh3+ Kg7 58. Rg3+ Kf7 59. Rh3 Bc6 60. Rh5 Bd7 61. Rh7+ Ke8 62. Rh6 Ke7 63. Rh7+ Kd6 64. Ke3 Ra8 65. e5+ fxe5 66. Ne4+ Kc6 67. Bb5+ Nxb5 68. axb5+ Kxb5 69. Rxd7 c4 70. Rb7+ Kc6 71. Rxb4 cxb3 72. Rxb3 Rh8 73. Rc3+ Kd7 74. Nc5+ Kd6 75. Ne4+ Kd7 1/2-1/2

[Event "RUS-Cup01 Chigorin Memorial"]
[Site "St Petersburg"]
[Date "1997.11.01"]
[Round "1"]
[White "Osnos, Viatcheslav"]
[Black "Shour, Janna"]
[Result "1-0"]
[WhiteElo "2440"]
[BlackElo "2165"]
[PlyCount "75"]
[EventDate "1997.11.01"]
[EventType "swiss"]
[EventRounds "9"]
[EventCountry "RUS"]
[SourceTitle "CBM 061 Extra"]
[Source "ChessBase"]
[SourceDate "1998.03.09"]
[SourceVersion "1"]
[SourceVersionDate "1998.03.09"]
[SourceQuality "1"]

1. d4 Nf6 2. Nf3 g6 3. c4 Bg7 4. g3 0-0 5. Bg2 d6 6. 0-0 Nbd7 7. Nc3 e5 8. e4 c6 9. h3 a5 10. Be3 a4 11. Qc2 Qa5 12. Rfd1 b5 13. d5 b4 14. dxc6 bxc3 15. cxd7 Bxd7 16. bxc3 Bc6 17. Ne1 Rad8 18. Rab1 Qa8 19. Bg5 Rd7 20. Bxf6 Bxf6 21. Qd3 Bd8 22. Rd2 f5 23. exf5 e4 24. Qe3 gxf5 25. Nc2 Bf6 26. Nd4 Be5 27. Ne6 Rf6 28. Rdb2 d5 29. cxd5 Bxd5 30. Nf4 Rf8 31. Rd2 Bc6 32. Bf1 Rxd2 33. Qxd2 Qe8 34. Bc4+ Kh8 35. Rb6 Qd7 36. Ng6+ Kg7 37. Qxd7+ Bxd7 38. Nxe5 1-0

[Event "Ozery op1 Seniors"]
[Site "Ozery"]
[Date "1997.??.??"]
[Round "7"]
[White "Osnos, Viatcheslav"]
[Black "Dommes, Vladimir M"]
[Result "1-0"]
[WhiteElo "2430"]
[BlackElo "2290"]
[PlyCount "75"]
[EventDate "1997.??.??"]
[EventType "swiss"]
[EventRounds "11"]
[EventCountry "RUS"]
[SourceTitle "EXT 2000"]
[Source "ChessBase"]
[SourceDate "1999.11.16"]
[SourceVersion "1"]
[SourceVersionDate "1999.11.16"]
[SourceQuality "1"]

1. d4 Nf6 2. Nf3 d5 3. c4 e6 4. Bg5 Nbd7 5. Nc3 Be7 6. e3 0-0 7. Rc1 c6 8. Bd3 dxc4 9. Bxc4 Nd5 10. Bxe7 Qxe7 11. 0-0 Nxc3 12. Rxc3 e5 13. Qb1 e4 14. Nd2 Nf6 15. b4 Bd7 16. Rfc1 Rac8 17. a4 Rfe8 18. b5 Rb8 19. bxc6 Bxc6 20. Bb5 Nd5 21. Rb3 Bxb5 22. Rxb5 Nf6 23. h3 Qd7 24. a5 h6 25. Rbc5 Re7 26. Nc4 Qd8 27. Ne5 Qe8 28. Rc7 Nd7 29. Nxd7 Rxd7 30. Rxd7 Qxd7 31. Qxe4 b5 32. Qe5 Qd8 33. Rc7 b4 34. a6 Rb6 35. Qc5 Rb8 36. Rb7 b3 37. Qxa7 Rc8 38. Qb6 1-0

[Event "Furman Memorial"]
[Site "St Petersburg"]
[Date "1995.??.??"]
[Round "9"]
[White "Savon, Vladimir A"]
[Black "Osnos, Viatcheslav"]
[Result "1/2-1/2"]
[WhiteElo "2415"]
[BlackElo "2430"]
[PlyCount "29"]
[EventDate "1995.11.??"]
[EventType "tourn"]
[EventRounds "9"]
[EventCountry "RUS"]
[EventCategory "9"]
[SourceTitle "CBM 050 Extra"]
[Source "ChessBase"]
[SourceDate "1996.03.01"]
[SourceVersion "1"]
[SourceVersionDate "1996.03.01"]
[SourceQuality "1"]

1. d4 Nf6 2. Nf3 e6 3. c4 b6 4. g3 Bb7 5. Bg2 Be7 6. Nc3 Ne4 7. Bd2 Bf6 8. Qc2 Nxd2 9. Qxd2 d6 10. 0-0 0-0 11. Rad1 Nd7 12. h4 Qe7 13. Ng5 Bxg2 14. Kxg2 h6 15. Nge4 1/2-1/2

[Event "Rostov on Don op"]
[Site "Rostov on Don"]
[Date "1993.??.??"]
[Round "?"]
[White "Magerramov, Elmar S"]
[Black "Osnos, Viatcheslav"]
[Result "1-0"]
[WhiteElo "2565"]
[BlackElo "2440"]
[PlyCount "95"]
[EventDate "1993.05.??"]
[EventType "swiss"]
[EventRounds "9"]
[EventCountry "RUS"]
[SourceTitle "TD"]
[Source "ChessBase"]
[SourceDate "1994.03.01"]
[SourceVersion "1"]
[SourceVersionDate "1994.03.01"]
[SourceQuality "1"]

1. d4 e6 2. c4 Bb4+ 3. Bd2 a5 4. Nf3 d6 5. g3 Nc6 6. Bg2 e5 7. d5 Nce7 8. 0-0 Bxd2 9. Qxd2 Nf6 10. Nc3 Bg4 11. Ne1 0-0 12. Nd3 c6 13. dxc6 Nxc6 14. h3 Be6 15. b3 Qb6 16. Rfd1 Rfd8 17. Nb2 Nd4 18. e3 Nf5 19. Nba4 Qc7 20. Nb5 Qb8 21. Rac1 Ne8 22. Nb6 Ra6 23. Nd5 Kf8 24. Kh2 Rd7 25. f4 Bxd5 26. cxd5 exf4 27. exf4 Ra8 28. Qd3 g6 29. Be4 Nfg7 30. Qd4 Qd8 31. Bf3 Qf6 32. Qxf6 Nxf6 33. Re1 Nf5 34. g4 Ne7 35. Kg3 h6 36. Red1 g5 37. h4 gxf4+ 38. Kxf4 Ng6+ 39. Kg3 Ne5 40. Nd4 Nxf3 41. Kxf3 h5 42. gxh5 Nxh5 43. Rg1 Re7 44. Rg5 Nf6 45. Rf5 Nh7 46. Rh5 Kg8 47. Rg1+ Kh8 48. Nf5 1-0

[Event "Rostov on Don op"]
[Site "Rostov on Don"]
[Date "1993.??.??"]
[Round "?"]
[White "Osnos, Viatcheslav"]
[Black "Yemelin, Vasily"]
[Result "1/2-1/2"]
[WhiteElo "2440"]
[BlackElo "2345"]
[PlyCount "39"]
[EventDate "1993.05.??"]
[EventType "swiss"]
[EventRounds "9"]
[EventCountry "RUS"]
[SourceTitle "TD"]
[Source "ChessBase"]
[SourceDate "1994.03.01"]
[SourceVersion "1"]
[SourceVersionDate "1994.03.01"]
[SourceQuality "1"]

1. Nf3 Nf6 2. c4 e6 3. g3 a6 4. Bg2 b5 5. b3 c5 6. 0-0 Bb7 7. Bb2 Be7 8. e3 0-0 9. d4 cxd4 10. exd4 d6 11. Nbd2 Nbd7 12. Re1 Qb6 13. Bc3 Rac8 14. a4 bxc4 15. bxc4 Qa7 16. a5 Rfe8 17. Rb1 Ba8 18. Rb3 Rb8 19. Rxb8 Rxb8 20. Qc2 1/2-1/2

[Event "Rostov on Don op"]
[Site "Rostov on Don"]
[Date "1993.??.??"]
[Round "?"]
[White "Sveshnikov, Evgeny"]
[Black "Osnos, Viatcheslav"]
[Result "1-0"]
[WhiteElo "2555"]
[BlackElo "2440"]
[PlyCount "49"]
[EventDate "1993.05.??"]
[EventType "swiss"]
[EventRounds "9"]
[EventCountry "RUS"]
[SourceTitle "TD"]
[Source "ChessBase"]
[SourceDate "1994.03.01"]
[SourceVersion "1"]
[SourceVersionDate "1994.03.01"]
[SourceQuality "1"]

1. e4 c5 2. c3 d5 3. exd5 Qxd5 4. d4 e6 5. Na3 cxd4 6. Nb5 Na6 7. Qxd4 Nf6 8. Be3 Bc5 9. Qxc5 Qxc5 10. Bxc5 Nxc5 11. Nc7+ Ke7 12. Nxa8 Bd7 13. Nc7 a6 14. Nf3 Rc8 15. Nxe6 Nxe6 16. Ne5 Be8 17. g3 Rc5 18. Nd3 Rd5 19. Be2 Bb5 20. 0-0-0 Ne4 21. Rhf1 Ba4 22. Rde1 f5 23. f3 Nd6 24. Bd1 Bxd1 25. Nf4 1-0

[Event "Leningrad-ch"]
[Site "Leningrad"]
[Date "1987.??.??"]
[Round "?"]
[White "Osnos, Viatcheslav"]
[Black "Tseitlin, Mark D"]
[Result "1-0"]
[WhiteElo "2440"]
[BlackElo "2445"]
[PlyCount "107"]
[EventDate "1987.??.??"]
[EventType "tourn"]
[EventRounds "17"]
[EventCountry "URS"]
[SourceTitle "EXT 2002"]
[Source "ChessBase"]
[SourceDate "2001.11.25"]
[SourceVersion "1"]
[SourceVersionDate "2001.11.25"]
[SourceQuality "1"]

1. d4 Nf6 2. c4 g6 3. g3 c6 4. Bg2 d5 5. b3 Bg7 6. Bb2 0-0 7. Nf3 Ne4 8. Nbd2 Nxd2 9. Qxd2 Bf5 10. Nh4 Be6 11. Rc1 a5 12. e4 dxe4 13. Bxe4 Bh3 14. Bg2 Bxg2 15. Nxg2 c5 16. d5 e5 17. Bc3 Nd7 18. 0-0 a4 19. Bb2 axb3 20. axb3 Re8 21. f4 Bf6 22. fxe5 Bxe5 23. Qf2 Qe7 24. Rce1 Qf8 25. Bxe5 Nxe5 26. Nf4 Qd6 27. Nd3 f5 28. Qf4 Nf7 29. Rxe8+ Rxe8 30. Qxd6 Nxd6 31. Nxc5 b5 32. Nd7 Re7 33. Nb6 bxc4 34. Nxc4 Ne4 35. d6 Rd7 36. b4 Rd8 37. b5 Nxd6 38. Rd1 Nb7 39. Rxd8+ Nxd8 40. Na5 Kf7 41. b6 Kf6 42. b7 Nxb7 43. Nxb7 f4 44. Kg2 fxg3 45. Kxg3 g5 46. Kg4 Kg6 47. Nd6 h5+ 48. Kf3 Kf6 49. Ne4+ Kf5 50. Ng3+ Kg6 51. Ke4 h4 52. Nf5 Kh5 53. Ne3 g4 54. Kf4 1-0

[Event "URS-ch sf"]
[Site "Sevastopol"]
[Date "1986.??.??"]
[Round "?"]
[White "Kharitonov, Andrei Y"]
[Black "Osnos, Viatcheslav"]
[Result "1/2-1/2"]
[WhiteElo "2460"]
[BlackElo "2435"]
[PlyCount "60"]
[EventDate "1986.08.??"]
[EventType "swiss"]
[EventRounds "11"]
[EventCountry "URS"]
[SourceTitle "EXT 1998"]
[Source "ChessBase"]
[SourceDate "1997.11.17"]
[SourceVersion "1"]
[SourceVersionDate "1997.11.17"]
[SourceQuality "1"]

1. d4 Nf6 2. Nf3 e6 3. c4 Bb4+ 4. Nbd2 d6 5. g3 Nbd7 6. Bg2 e5 7. 0-0 exd4 8. Nxd4 Bc5 9. N2f3 0-0 10. b3 Ne5 11. Bb2 Bg4 12. Qc2 Nxf3+ 13. Nxf3 Re8 14. e3 c6 15. Nh4 Qe7 16. h3 Be6 17. Rad1 Rad8 18. Nf5 Bxf5 19. Qxf5 Ne4 20. Qg4 f6 21. Rd3 Ng5 22. Kh2 a5 23. Bc3 Ra8 24. Rfd1 Ne4 25. Be1 Ng5 26. Qe2 f5 27. Qb2 Nf7 28. Bc3 Ne5 29. R3d2 a4 30. Qc2 Qf7 1/2-1/2

[Event "URS-ch sf"]
[Site "Sevastopol"]
[Date "1986.??.??"]
[Round "?"]
[White "Vaisser, Anatoli"]
[Black "Osnos, Viatcheslav"]
[Result "0-1"]
[WhiteElo "2510"]
[BlackElo "2435"]
[PlyCount "94"]
[EventDate "1986.08.??"]
[EventType "swiss"]
[EventRounds "11"]
[EventCountry "URS"]
[SourceTitle "EXT 1998"]
[Source "ChessBase"]
[SourceDate "1997.11.17"]
[SourceVersion "1"]
[SourceVersionDate "1997.11.17"]
[SourceQuality "1"]

1. d4 e6 2. Nf3 c5 3. e3 Nf6 4. Bd3 b6 5. 0-0 Bb7 6. c4 Be7 7. Nc3 d6 8. d5 e5 9. Ne1 0-0 10. f4 exf4 11. exf4 Nbd7 12. g4 g6 13. f5 Re8 14. g5 Nh5 15. Nf3 Ne5 16. f6 Bf8 17. Be2 Ba6 18. b3 Ng4 19. Nh4 Ne3 20. Bxe3 Rxe3 21. Bxh5 Rxc3 22. Bg4 Re3 23. Ng2 Re5 24. Qd2 b5 25. cxb5 Bxb5 26. Rfe1 c4 27. h4 cxb3 28. axb3 Qb6+ 29. Qf2 Qxf2+ 30. Kxf2 Rxd5 31. Bf3 Rd2+ 32. Kg1 d5 33. Rad1 Rxd1 34. Rxd1 Rd8 35. Rxd5 Rxd5 36. Bxd5 Bc5+ 37. Kh1 Bf2 38. Kh2 Bf1 39. h5 Bxg2 40. Kxg2 Bh4 41. Kf3 Bxg5 42. Kg4 Bxf6 43. Kf4 Kg7 44. Bc4 Bc3 45. Kf3 f5 46. Be6 Kh6 47. hxg6 hxg6 0-1

[Event "URS-ch52 Semifinal"]
[Site "Lvov"]
[Date "1984.08.??"]
[Round "?"]
[White "Bagirov, Vladimir"]
[Black "Osnos, Viatcheslav"]
[Result "1/2-1/2"]
[WhiteElo "2485"]
[BlackElo "2455"]
[PlyCount "64"]
[EventDate "1984.08.??"]
[EventType "tourn"]
[EventRounds "17"]
[EventCountry "URS"]
[EventCategory "8"]
[SourceTitle "EXT 1999"]
[Source "ChessBase"]
[SourceDate "1998.11.16"]
[SourceVersion "1"]
[SourceVersionDate "1998.11.16"]
[SourceQuality "1"]

1. d4 e6 2. e4 d5 3. Nc3 Bb4 4. e5 c5 5. a3 Ba5 6. b4 cxd4 7. Nb5 Bc7 8. f4 Ne7 9. Nf3 Nbc6 10. Bd3 Bb8 11. Nbxd4 a5 12. Nxc6 bxc6 13. Be3 Ba7 14. Nd4 0-0 15. 0-0 Nf5 16. Nxf5 exf5 17. Qe2 Ba6 18. Bxa6 Bxe3+ 19. Qxe3 Rxa6 20. c3 Qd7 21. Rfd1 Rfa8 22. Rac1 axb4 23. axb4 Qb7 24. h3 g6 25. Rd2 Ra1 26. Rxa1 Rxa1+ 27. Kh2 Qa7 28. Qxa7 Rxa7 29. c4 dxc4 30. Rc2 Ra4 31. Rxc4 c5 32. Rxc5 Rxb4 1/2-1/2